| 000 | 00915nam a2200241Ia 4500 | ||
|---|---|---|---|
| 999 |
_c53303 _d53303 |
||
| 001 | 20344 | ||
| 003 | GE_BSU | ||
| 005 | 20200927214011.0 | ||
| 008 | 181216s1972||||ge |||||||||||||| ||geo|| | ||
| 040 | _cGE_BSU | ||
| 041 | _ageo | ||
| 080 | _a81'367 ც-60 | ||
| 100 |
_aციკოლია, მ. _99553 |
||
| 245 |
_aსიტყვათა რიგი როგორც სინტაქსისა და სტილისტიკის საგანი / _cმ. ციკოლია ; რედ. ა. კიზირია. |
||
| 264 |
_aსოხუმი : _bალაშარა, _c1972. |
||
| 300 |
_a80 გვ. ; _c 20 სმ |
||
| 541 | _h62თ. | ||
| 653 | _aენათმეცნიერება | ||
| 653 | _aსინტაქსი | ||
| 653 | _aსტილისტიკა | ||
| 700 |
_aკიზირია, ა. _eრედაქტორი _99554 |
||
| 942 |
_cBK _2udc |
||